| 000 | 00847nam a2200217 i 4500 | ||
|---|---|---|---|
| 001 | 96195 | ||
| 003 | ES-MaACL | ||
| 005 | 20251030134553.0 | ||
| 008 | 050613s1905 sp a |||| | spa d | ||
| 100 | 1 |
_aMaestre, Tomás, _d1857-1936 _975394 |
|
| 245 | 1 | 0 |
_aIntroducción al estudio de la psicología positiva / _cpor Tomás Maestre ; con un prólogo del Doctor Cajal. |
| 260 |
_aMadrid : _bBailly-Bailliere e Hijos, _c[1905] |
||
| 300 |
_aXXIV, 287 p. : _bil. ; _c22 cm. |
||
| 530 | _aDisponible en formato digital. | ||
| 650 | 0 | 7 |
_aPsicología _2embne _916540 |
| 700 | 1 |
_aRamón y Cajal, Santiago, _d1852-1934 _9226468 |
|
| 852 |
_aES-MaACL _jB-11229 _cSPB |
||
| 856 | 4 |
_uhttp://bibliotecavirtual.ranm.es/ranm/i18n/consulta/registro.do?id=624 _yBiblioteca Virtual de la Real Academia Nacional de Medicina |
|
| 942 | _2udc | ||
| 999 |
_c96195 _d96195 |
||